Gastmahl auf Gomera
| Titel: | Gastmahl auf Gomera : Roman / Janosch |
|---|---|
| Verfasser: | |
| Ausgabe: | Genehmigte Taschenbuchausgabe |
| Veröffentlicht: | München : Goldmann, [1999] |
| Umfang: | 187 Seiten ; 19 cm |
| Format: | Buch |
| Sprache: | Deutsch |
| Schriftenreihe/ mehrbändiges Werk: |
Goldmann ; 44371 |
| ISBN: | 3442443717 |
| Hinweise zum Inhalt: |
Inhaltsverzeichnis
|
alg: 7919040 001A $06000:19-07-99 001B $01999:15-01-25 $t09:09:47.000 001D $09999:99-99-99 001U $0utf8 001X $00 002@ $0Aaxaf 002C $aText $btxt $2rdacontent 002D $aohne Hilfsmittel zu benutzen $bn $2rdamedia 002E $aBand $bnc $2rdacarrier 003@ $0079190405 003O $075985116 $aOCoLC 004A $03-442-44371-7 $fkart. : DM 12.90, S 94.00 006G $0956588972 006U $099,A31,2010 007A $0956588972 $aDNB 007G $0DE020FB2CFD3F832D5608C1258551002D91CD 009P $qapplication/pdf $A2 $3Inhaltsverzeichnis $uhttp://scans.hebis.de/HEBCGI/show.pl?07919040_toc.pdf $mV:DE-603;B:DE-Mb50 010@ $ager 011@ $a1999 $n[1999] 013D $RAutobiografische Literatur $RBiografie $RErlebnisbericht $RQuelle $RTagebuch $#Autobiography $#Autobiographie $#Autobiographies $#Autobiographies $#Autobiographie $#Autobiographisches Erzählen $#Autobiografisches Erzählen $#Erinnerungen Formschlagwort $#Lebenserinnerungen $#Memoiren $#Selbstbiographie $#Selbstbiografie $#Autobiographik $#Autobiografik $74003939-0 $8Autobiografie [Ts1] $9085002275 013D $71071854844 $8Fiktionale Darstellung [Ts1] $9359645615 017A $asf 021A $aGastmahl auf Gomera $dRoman $hJanosch 028A $BVerfasser $#Janosch $#Gianos $#Janoš $#Janošs $#Jānoshu $#Yān'aj $#Yānoshu $#Yanozu $#Yaruoshi $#Yanoš $#Ya nuo shi $#Yanuoshi $#Ya no swi $#Yanoswi $#Eckert, Horst $#Yanosh $#Janaš $#Janosch-Rose, ... $#ינוש $#亞諾士 $#雅诺什 $#ヤノッシュ $4aut $7118556940 $8$PJanosch$Z1931- [Tp1] $9086897977 032@ $aGenehmigte Taschenbuchausgabe 033A $pMünchen $nGoldmann 034D $a187 Seiten 034I $a19 cm 036E $aGoldmann $l44371 036F $x544371 $8Goldmann $9005876788 $l44371 041A/80 $i12.2p $i13.4p 041A/90 $hXA-DE 044K $qDNB $#Janosch $#Gianos $#Janoš $#Janošs $#Jānoshu $#Yān'aj $#Yānoshu $#Yanozu $#Yaruoshi $#Yanoš $#Ya nuo shi $#Yanuoshi $#Ya no swi $#Yanoswi $#Eckert, Horst $#Yanosh $#Janaš $#Janosch-Rose, ... $#ינוש $#亞諾士 $#雅诺什 $#ヤノッシュ $7118556940 $8$PJanosch$Z1931- [Tp1] $9086897977 044K $RDorotheendorf $RHindenburg $#Zaborze $#Hindenburg Oberschlesien $74089236-0 $8Zabrze [Tg1] $9085251097 044K $RPolen-Litauen $RKongresspolen $RWestgalizien $RStaat Krakau $#Generalgouvernement Polen $#Polska $#Rzeczpospolita Polska $#Polska Rzeczpospolita Ludowa $#Poland $#Pologne $#République Polonaise $#Generalne Gubernatorstwo w Polsce $#Polish People's Republic $#Polska Rzeczpospolita Polen $#PRL $#RP $#Polen Generalgouvernement $#Polska Generalgouvernement $#Besetzte Polnische Gebiete $#Besetztes Gebiet in Polen $#Okupowane Polskie Obszary $#Obszary Okupowane w Polsce $#Volksrepublik Polen $#Polska Rosyjska $#Republic Polen $#Respublika Pol'ša $#Pol'skaja Narodnaja Respublika $#République de Pologne $#Polen Links der Weichsel $#Polska po Lewej Stronie Wisły $#Lenkija $#Polija $#Gubernija Carstva Pol'skago $#Republik Polen $74046496-9 $8Polen [Tg1] $9085129801 044K $RBuch $RSchriftsteller $#Literature $#Littérature $#Letteratura $#Literatura $#literature $#Literature $#Literatur $#Literatur $#Belletristik $#Dichtung Literatur $#Schöne Literatur $#Sprachkunst $#Wortkunst $74035964-5 $8Literatur [Tsz] $9085097128 045E $a53 $a46 045F $a809 $eDDC23BSB 045F/01 $a809 045F/03 $f0904 045F/03 $g438 045F/03 $g43 lok: 7919040 24 exp: 7919040 24 1 #EPN 201B/01 $019-02-20 $t07:17:07.000 201C/01 $017-01-20 201U/01 $0utf8 203@/01 $0107581295X 208@/01 $a10-02-20 $bz 209A/01 $a19.06495 $du $f050 $h19 06495 $x00 209C/01 $a19.06495 T $h19 06495 T 209G/01 $a74180450 $x00 220C/01 $ahae 247C/01 $8358050-7Marburg, Bibliothek des Herder-Instituts Marburg $9102600961
| LEADER | 00000cam a22000002c 4500 | ||
|---|---|---|---|
| 001 | 079190405 | ||
| 003 | DE-603 | ||
| 005 | 20250115090947.0 | ||
| 007 | tu | ||
| 008 | 990719s1999 xx |||| | u00||u|ger | ||
| 015 | |a 99,A31,2010 |2 dnb | ||
| 016 | 7 | |2 DE-101 |a 956588972 | |
| 020 | |a 3442443717 |c kart. : DM 12.90, S 94.00 | ||
| 035 | |a (DE-599)DNB956588972 | ||
| 035 | |a (OCoLC)75985116 | ||
| 040 | |a DE-603 |b ger |c DE-603 |d DE-603 | ||
| 041 | |a ger | ||
| 043 | |c XA-DE | ||
| 082 | 0 | 4 | |8 1\u |a 809 |q DE-101 |2 23/BSB |
| 084 | |a 53 |a 46 |q DE-101 |2 sdnb | ||
| 084 | |a 12.2p |a 13.4p |q DE-101 |2 sdnb | ||
| 085 | |8 1\u |b 809 | ||
| 085 | |8 1\u |z 1 |s 0904 | ||
| 085 | |8 1\u |z 2 |s 438 | ||
| 085 | |8 1\u |z 2 |s 43 | ||
| 090 | |a b | ||
| 100 | 0 | |a Janosch |d 1931- |e Verfasser |4 aut |0 (DE-603)086897977 |0 (DE-588)118556940 |2 gnd | |
| 245 | 0 | 0 | |a Gastmahl auf Gomera |b Roman |c Janosch |
| 250 | |a Genehmigte Taschenbuchausgabe | ||
| 264 | 1 | |a München |b Goldmann |c [1999] | |
| 300 | |a 187 Seiten |c 19 cm | ||
| 336 | |a Text |b txt |2 rdacontent | ||
| 337 | |a ohne Hilfsmittel zu benutzen |b n |2 rdamedia | ||
| 338 | |a Band |b nc |2 rdacarrier | ||
| 490 | 1 | |a Goldmann |v 44371 | |
| 600 | 0 | 7 | |a Janosch |d 1931- |0 (DE-588)118556940 |0 (DE-603)086897977 |2 gnd |
| 650 | 7 | |a Literatur |0 (DE-588)4035964-5 |0 (DE-603)085097128 |2 gnd | |
| 651 | 7 | |a Zabrze |0 (DE-588)4089236-0 |0 (DE-603)085251097 |2 gnd | |
| 651 | 7 | |a Polen |0 (DE-588)4046496-9 |0 (DE-603)085129801 |2 gnd | |
| 655 | 7 | |a Autobiografie |2 gnd-content |0 (DE-588)4003939-0 |0 (DE-603)085002275 | |
| 655 | 7 | |a Fiktionale Darstellung |2 gnd-content |0 (DE-588)1071854844 |0 (DE-603)359645615 | |
| 830 | 0 | |t Goldmann |v 44371 |w (DE-603)005876788 |w (DE-600)135758-X |9 544371 |7 as | |
| 856 | 4 | 2 | |m V:DE-603;B:DE-Mb50 |q application/pdf |u http://scans.hebis.de/HEBCGI/show.pl?07919040_toc.pdf |3 Inhaltsverzeichnis |
| 924 | 0 | |9 Mb 50 |a (DE-603)107581295X |b DE-Mb50 |c HES |d c |g 19.06495 | |


